Paesi nominati nella pagina Wikipedia della Finlandia - Statistics

Statistiche generali
  • Questo quiz è stato fatto 28 volte
  • Il punteggio medio è 12 su 13
Statistiche sulle risposte
Volte in cui viene nominato
Indizio (basato sul motivo per cui lo stato viene nominato nella pagina Wikipedia)
Paese % Corretto
1 Paese culturalmente affine alla Finlandia e ai suoi vicini Danimarca
100%
5 Altro paese che si affaccia sul golfo di Finlandia Estonia
100%
5 Nella seconda guerra mondiale, la Finlandia fu prima alleata e poi nemica di questo paese Germania
100%
1 Paese che come la Finlandia fu invaso dall'Unione Sovietica nel 1940 Lettonia
100%
3 Paese confinante Norvegia
100%
9 Paese confinante Russia
100%
9 Paese confinante Svezia
100%
1 Paese che come la Finlandia fu invaso dall'Unione Sovietica nel 1940 Lituania
96%
2 La Finlandia è il secondo paese al mondo, dopo questo, per numero di suicidi con arma da fuoco Stati Uniti
92%
1 Paese con un reddito pro capite simile a quello finlandese Regno Unito
83%
1 Paese con un reddito pro capite simile a quello finlandese Belgio
71%
1 Paese che fu meta di emigrazione finlandese Canada
67%
1 Paese in cui la Finlandia ha schierato truppe in missione di pace Afghanistan
58%
Nessun quiz corrispondente trovato
Distribuzione punteggi
Percentuale di utenti per punteggio
Percentile per numero di risposta
I tuoi punteggi nel tempo
Non hai fatto questo quiz